000 00586nam a2200217 a 4500
005 20140310183427.0
008 071219s19uu xx uuu eng d
020 _a9780814473429
050 _aHQ 773.5
_b.K54 2007
100 _aKlein, Barbara
245 _aRaising gifted kids. /
_cBarbara Klein
260 _aNew York :
_bAmerican Management Association,
_c2007.
300 _a239 p. :
_c23 cm.
521 _aEDU
650 _aGifted children.
650 _aChild rearing.
650 _aParenting.
650 _aParent and child.
942 _cBK
_2lcc
_kFOR
999 _c22676
_d22676